000 00709nam a2200205 i 4500
001 43754
003 ES-MaACL
005 20250808224127.0
007 t|
008 030318s1978 sp ||||1| spa d
100 1 _aCervera Vera, Luis.
_937646
245 1 3 _aEl testamento de Luis de Vega y los de sus dos mujeres /
_cLuis Cervera Vera.
260 _aValladolid :
_bUniversidad de Valladolid,
_c1978.
300 _a17 h. ;
_c24 cm.
595 _aSeparata de: Boletín del Seminario de Estudios de Arte y Arqueología, 1978, t. 44, p. 143-176.
600 1 4 _aVega, Luis de,
_dca.1495-1562
_9174473
710 2 _aUniversidad de Valladolid.
_97332
852 4 _aES-MaACL
_j2125-F-5
999 _c43754
_d43754